Quarup /
Enregistré dans:
| Auteur principal: | |
|---|---|
| Format: | Inconnue |
| Langue: | Spanish |
| Publié: |
La Habana, Cuba :
Casa de las Américas,
c1990.
|
| Collection: | (Colección Literatura Latinoamericana ;
130) |
| Sujets: | |
| Tags: |
Ajouter un tag
Pas de tags, Soyez le premier à ajouter un tag!
|
MARC
| LEADER | 000000000a22000000004500 | ||
|---|---|---|---|
| 001 | 002054 | ||
| 041 | 0 | |a spa | |
| 082 | 0 | 4 | |a Br869.34 |b C164q |
| 100 | 1 | |a Callado, Antonio | |
| 245 | 1 | 0 | |a Quarup / |c Antonio Callado. |
| 260 | 1 | |a La Habana, Cuba : |b Casa de las Américas, |c c1990. | |
| 300 | |a xviii, 723 páginas | ||
| 490 | 1 | |a (Colección Literatura Latinoamericana ; |v 130) | |
| 500 | |a La Biblioteca contiene otro ejemplar con número de inscripción 8567 | ||
| 650 | 4 | |a LITERATURA BRASILENA | |
| 650 | 4 | |a NOVELA | |
| 999 | |c 8658 |d 8658 | ||
| 942 | |c BK |h Br869.34 C164q |2 z | ||
